[Event "GER-chB Seniors 26th"]
[Site "Bad Neuenahr"]
[Date "2014.08.09"]
[Round "5"]
[White "Siegl, Wolfgang"]
[Black "Meinhardt, Guenther"]
[Result "0-1"]
[WhiteElo "1783"]
[BlackElo "1892"]
[PlyCount "97"]
[EventDate "2014.08.05"]
[EventType "swiss"]
[EventRounds "9"]
[EventCountry "GER"]
[SourceTitle "EXT 2018"]
[Source "ChessBase"]
[SourceDate "2017.10.13"]
[SourceVersion "1"]
[SourceVersionDate "2017.10.13"]
[SourceQuality "1"]

1. Nf3 Nf6 2. g3 d5 3. Bg2 c5 4. 0-0 Nc6 5. b3 e5 6. d3 Bd6 7. Nbd2 0-0 8. e4 Bg4 9. h3 Bh5 10. g4 Bg6 11. Nh4 dxe4 12. Nxg6 fxg6 13. dxe4 Bc7 14. c3 Qd3 15. Qf3 Rad8 16. Re1 Qc2 17. Qe3 Rd3 18. Qe2 Qxc3 19. Rb1 Ba5 20. Nf3 Nd7 21. Bb2 Rdxf3 22. Bxc3 Rxc3 23. Red1 Nd4 24. Rxd4 cxd4 25. Qb5 Rc2 26. f3 d3 27. Qxa5 Nc5 28. b4 d2 29. bxc5 Rc1+ 30. Rxc1 dxc1Q+ 31. Kh2 h6 32. Qc7 Qf4+ 33. Kg1 Rf6 34. Qxb7 Qc1+ 35. Kh2 Qxc5 36. Qb3+ Kf8 37. h4 Qc1 38. Kh3 h5 39. Qd3 hxg4+ 40. fxg4 Rc6 41. Qe2 Rc3+ 42. Kh2 Qf4+ 43. Kg1 Rc1+ 44. Bf1 Qg3+ 45. Qg2 Qxg2+ 46. Kxg2 Rc2+ 47. Kg3 Rxa2 48. Bc4 Rc2 49. Bd5 0-1

[Event "GER-chB Seniors 26th"]
[Site "Bad Neuenahr"]
[Date "2014.08.06"]
[Round "2"]
[White "Freerksen, Uwe"]
[Black "Siegl, Wolfgang"]
[Result "0-1"]
[WhiteElo "1536"]
[BlackElo "1783"]
[PlyCount "78"]
[EventDate "2014.08.05"]
[EventType "swiss"]
[EventRounds "9"]
[EventCountry "GER"]
[SourceTitle "EXT 2018"]
[Source "ChessBase"]
[SourceDate "2017.10.13"]
[SourceVersion "1"]
[SourceVersionDate "2017.10.13"]
[SourceQuality "1"]

1. e4 g6 2. d4 d6 3. Nf3 Bg7 4. Bd2 Nf6 5. Nc3 c6 6. h3 b5 7. Be2 a5 8. a3 0-0 9. 0-0 Nbd7 10. Re1 Bb7 11. Bd3 e5 12. dxe5 dxe5 13. Rb1 Re8 14. Be3 Qc7 15. Qc1 b4 16. axb4 axb4 17. Ne2 c5 18. c3 c4 19. cxb4 Rec8 20. Bc2 Nxe4 21. Ng5 Nd6 22. Ng3 h6 23. N5e4 Qc6 24. f3 Kh7 25. Qd2 Nb5 26. Nf2 f5 27. Nxf5 c3 28. bxc3 Nxc3 29. Ne7 Nxb1 30. Bxg6+ Qxg6 31. Nxg6 Nxd2 32. Nxe5 Nxe5 33. Bxd2 Nc4 34. Bf4 Re8 35. Ne4 Bxe4 36. fxe4 Bd4+ 37. Kh2 Be5 38. Bxe5 Nxe5 39. b5 Ra2 0-1

[Event "GER-chB Seniors 26th"]
[Site "Bad Neuenahr"]
[Date "2014.08.05"]
[Round "1"]
[White "Siegl, Wolfgang"]
[Black "Grigat, Klaus Dieter"]
[Result "0-1"]
[WhiteElo "1783"]
[BlackElo "1923"]
[PlyCount "70"]
[EventDate "2014.08.05"]
[EventType "swiss"]
[EventRounds "9"]
[EventCountry "GER"]
[SourceTitle "EXT 2018"]
[Source "ChessBase"]
[SourceDate "2017.10.13"]
[SourceVersion "1"]
[SourceVersionDate "2017.10.13"]
[SourceQuality "1"]

1. g3 d5 2. Nf3 Nc6 3. Bg2 e5 4. d3 Nf6 5. 0-0 Be7 6. Nbd2 Bf5 7. Re1 e4 8. dxe4 Nxe4 9. Nxe4 Bxe4 10. Nd4 Qd7 11. f3 Bg6 12. c3 h5 13. Qb3 Nxd4 14. cxd4 0-0-0 15. Bf4 h4 16. g4 h3 17. Bh1 f5 18. Rac1 Bd6 19. Bxd6 Qxd6 20. e4 dxe4 21. Red1 Rh4 22. Rc3 Qf6 23. Qc4 Qe7 24. Rdc1 c6 25. Re3 Qd6 26. Rd1 exf3 27. Bxf3 fxg4 28. Re6 Bf7 29. Rxd6 Bxc4 30. Rxd8+ Kxd8 31. b3 Ba6 32. Bh1 Rh6 33. Kf2 Ke7 34. Kg3 Kf6 35. Kxg4 Be2+ 0-1

[Event "Bayern-ch op Seniors 26th"]
[Site "Bergen"]
[Date "2014.06.28"]
[Round "8"]
[White "Lueders, Guenter"]
[Black "Siegl, Wolfgang"]
[Result "1-0"]
[WhiteElo "1659"]
[BlackElo "1522"]
[PlyCount "71"]
[EventDate "2014.06.21"]
[EventType "swiss"]
[EventRounds "7"]
[EventCountry "GER"]
[SourceTitle "EXT 2018"]
[Source "ChessBase"]
[SourceDate "2017.10.13"]
[SourceVersion "1"]
[SourceVersionDate "2017.10.13"]
[SourceQuality "1"]

1. d4 g6 2. Nf3 Bg7 3. Bf4 c5 4. c3 cxd4 5. cxd4 Nc6 6. e3 d5 7. Qb3 Nf6 8. Nbd2 0-0 9. h3 Re8 10. Bd3 a5 11. Bb5 Bd7 12. 0-0 Nb4 13. Bxd7 Nxd7 14. a3 Na6 15. Qxd5 b6 16. Rac1 e6 17. Qb5 e5 18. dxe5 Nc7 19. Qd3 Ne6 20. Bg3 Qe7 21. Rfd1 Rad8 22. Qb5 Nec5 23. Bh4 f6 24. exf6 Bxf6 25. Bxf6 Qxf6 26. Nc4 h6 27. Rd6 Re6 28. Rcd1 Qe7 29. Rxe6 Qxe6 30. Rd6 Qf5 31. Nxb6 Rb8 32. Qc4+ Kg7 33. Nxd7 Nxd7 34. Qd4+ Nf6 35. Qa7+ Nd7 36. Rxd7+ 1-0

[Event "Bayern-ch op Seniors 26th"]
[Site "Bergen"]
[Date "2014.06.25"]
[Round "5"]
[White "Siegl, Wolfgang"]
[Black "Malik, Rosemarie"]
[Result "1/2-1/2"]
[WhiteElo "1522"]
[BlackElo "1327"]
[PlyCount "88"]
[EventDate "2014.06.21"]
[EventType "swiss"]
[EventRounds "7"]
[EventCountry "GER"]
[SourceTitle "EXT 2018"]
[Source "ChessBase"]
[SourceDate "2017.10.13"]
[SourceVersion "1"]
[SourceVersionDate "2017.10.13"]
[SourceQuality "1"]

1. g3 g6 2. Bg2 Bg7 3. Nf3 Nf6 4. 0-0 d6 5. d3 0-0 6. e4 e5 7. Nbd2 Nbd7 8. b4 b5 9. a4 bxa4 10. Rxa4 Bb7 11. Nc4 Nb6 12. Nxb6 axb6 13. c3 Qd7 14. Rxa8 Rxa8 15. Bd2 Rb8 16. Qb3 h6 17. Ra1 Ra8 18. Ra3 Qc8 19. Bc1 Rxa3 20. Bxa3 g5 21. h4 g4 22. Nh2 h5 23. Bc1 Nh7 24. Nf1 Qe6 25. c4 Bc8 26. Qa3 Qe8 27. Bd2 Qd7 28. Qc1 Qe6 29. Qe1 f6 30. Ne3 Qf7 31. Bf1 c6 32. Be2 Nf8 33. Bd1 Qb7 34. Bb3 Kh7 35. Qc1 Be6 36. Qa3 Bh6 37. Qc1 Bxe3 38. Bxe3 c5 39. Bd2 Qg7 40. Ba4 Bf7 41. Bc6 Ne6 42. Bc3 cxb4 43. Bxb4 Nd4 44. Qe3 Nxc6 1/2-1/2

[Event "Bayern-ch op Seniors 26th"]
[Site "Bergen"]
[Date "2014.06.24"]
[Round "4"]
[White "Siegl, Wolfgang"]
[Black "Niedermaier, Peter"]
[Result "0-1"]
[WhiteElo "1522"]
[BlackElo "1684"]
[PlyCount "118"]
[EventDate "2014.06.21"]
[EventType "swiss"]
[EventRounds "7"]
[EventCountry "GER"]
[SourceTitle "EXT 2018"]
[Source "ChessBase"]
[SourceDate "2017.10.13"]
[SourceVersion "1"]
[SourceVersionDate "2017.10.13"]
[SourceQuality "1"]

1. g3 e5 2. Bg2 d5 3. d3 Bc5 4. Nf3 Nd7 5. 0-0 Ngf6 6. Nbd2 c6 7. e4 dxe4 8. dxe4 0-0 9. Qe2 Re8 10. Rd1 Qc7 11. a3 a5 12. h3 b5 13. Nb3 Bb6 14. Be3 Ba6 15. Bxb6 Qxb6 16. Qe1 a4 17. Nc1 Nc5 18. Nh4 Ne6 19. Nf5 g6 20. Qe3 Qc7 21. Nh4 Bb7 22. Nd3 c5 23. c3 Rac8 24. f3 Nh5 25. Kh2 Neg7 26. Bf1 Ba6 27. Be2 Qe7 28. Rg1 Rc6 29. Raf1 Kh8 30. Ng2 Nf6 31. Nh4 Ng8 32. Ng2 Nf6 33. Qg5 Qe6 34. Qe3 Nd7 35. Rf2 Qe7 36. Rgf1 Rf6 37. Qg5 Ne6 38. Qe3 Nc7 39. Qg5 Re6 40. Qe3 Bb7 41. Nh4 Rf6 42. Qg5 Bxe4 43. Qe3 Bc6 44. Ng2 Kg7 45. Kg1 e4 46. fxe4 Rxf2 47. Nxf2 Bxe4 48. Bg4 Bxg2 49. Qxe7 Rxe7 50. Kxg2 f5 51. Bf3 Nb6 52. g4 Nc4 53. Rb1 Nd2 54. Rd1 Nxf3 55. Kxf3 fxg4+ 56. Nxg4 h5 57. Ne3 Rf7+ 58. Kg2 Ne6 59. Rd5 Nf4+ 0-1

[Event "Bayern-ch Seniors 23rd"]
[Site "Bergen"]
[Date "2011.06.04"]
[Round "8"]
[White "Siegl, Wolfgang"]
[Black "Friedrich, Horst"]
[Result "0-1"]
[WhiteElo "1608"]
[BlackElo "1585"]
[PlyCount "128"]
[EventDate "2011.05.28"]
[EventType "swiss"]
[EventRounds "9"]
[EventCountry "GER"]
[SourceTitle "EXT 2012"]
[Source "ChessBase"]
[SourceDate "2011.11.24"]
[SourceVersion "1"]
[SourceVersionDate "2011.11.24"]
[SourceQuality "1"]

1. d4 f5 2. g3 d5 3. Nh3 e6 4. Bg2 Nf6 5. Nf4 c6 6. Nd2 Bd6 7. Nd3 Nbd7 8. Nf3 Qe7 9. Bg5 e5 10. dxe5 Nxe5 11. 0-0 0-0 12. Nd4 h6 13. Bxf6 Rxf6 14. h4 Qf7 15. Nf4 g5 16. hxg5 hxg5 17. Nh3 Qh5 18. e3 Ng4 19. Nf3 Rg6 20. Re1 Bd7 21. Kf1 Re8 22. Qd4 Ne5 23. Nfxg5 Rxg5 24. Nxg5 Qxg5 25. Qxa7 Qg4 26. Qd4 Nf3 27. Qxg4+ fxg4 28. Red1 Bf5 29. Rac1 Be4 30. c4 Bb4 31. cxd5 Bxd5 32. Rd4 Re4 33. Rxe4 Bxe4 34. Rd1 Bd5 35. Bxf3 Bxf3 36. Rd8+ Bf8 37. a4 c5 38. Ke1 Kf7 39. Kd2 Be7 40. Rc8 Ke6 41. Kd3 Kd5 42. Re8 c4+ 43. Kc2 Bb4 44. Rd8+ Kc5 45. Rc8+ Kd5 46. Rh8 Be1 47. Rh2 Kc5 48. b3 Kb4 49. bxc4 Kxc4 50. Kb2 Kd3 51. Rh7 Bxf2 52. Rd7+ Kxe3 53. Re7+ Be4 54. Rg7 Kf3 55. Kc3 Bxg3 56. Kd4 Bc6 57. Rf7+ Bf4 58. a5 g3 59. Kc5 g2 60. Rg7 Be3+ 61. Kd6 Bf4+ 62. Kc5 Bg3 63. Rf7+ Ke3 64. Re7+ Be4 0-1

[Event "Bayern-ch Seniors 23rd"]
[Site "Bergen"]
[Date "2011.06.01"]
[Round "5"]
[White "Siegl, Wolfgang"]
[Black "Weigel, Herbert"]
[Result "0-1"]
[WhiteElo "1608"]
[BlackElo "1925"]
[PlyCount "75"]
[EventDate "2011.05.28"]
[EventType "swiss"]
[EventRounds "9"]
[EventCountry "GER"]
[SourceTitle "EXT 2012"]
[Source "ChessBase"]
[SourceDate "2011.11.24"]
[SourceVersion "1"]
[SourceVersionDate "2011.11.24"]
[SourceQuality "1"]

1. d4 Nf6 2. Nf3 e6 3. Bf4 c5 4. e3 Qb6 5. Na3 d5 6. Nb5 Na6 7. a4 c4 8. Qc1 Bd7 9. Nc3 Bb4 10. Nd2 Qa5 11. Ncb1 0-0 12. c3 Be7 13. Qd1 b5 14. Nf3 Rfc8 15. Ne5 Be8 16. Be2 bxa4 17. 0-0 Rab8 18. Qc2 Rb7 19. Nd2 Qb6 20. Rfb1 Nb8 21. Bf3 Nc6 22. e4 Na5 23. Ng4 Nxg4 24. Bxg4 Nb3 25. Ra2 dxe4 26. Nxe4 f5 27. Nc5 Bxc5 28. dxc5 Nxc5 29. Bf3 Re7 30. Rd1 Nd3 31. Be3 Qd6 32. Qd2 e5 33. Be2 f4 34. Bxa7 Rxa7 35. Bxd3 cxd3 36. b3 e4 37. Rda1 Rac7 38. Rxa4 0-1

[Event "Bayern-ch Seniors 23rd"]
[Site "Bergen"]
[Date "2011.05.31"]
[Round "4"]
[White "Wolf, Reinhard"]
[Black "Siegl, Wolfgang"]
[Result "0-1"]
[WhiteElo "1754"]
[BlackElo "1608"]
[PlyCount "198"]
[EventDate "2011.05.28"]
[EventType "swiss"]
[EventRounds "9"]
[EventCountry "GER"]
[SourceTitle "EXT 2012"]
[Source "ChessBase"]
[SourceDate "2011.11.24"]
[SourceVersion "1"]
[SourceVersionDate "2011.11.24"]
[SourceQuality "1"]

1. e4 e6 2. d4 d5 3. Nd2 Nf6 4. e5 Nfd7 5. Ngf3 c5 6. c3 Nc6 7. Bb5 Qb6 8. Qa4 a6 9. Bxc6 bxc6 10. 0-0 Be7 11. Qc2 a5 12. Nb3 a4 13. Nxc5 Nxc5 14. dxc5 Bxc5 15. Re1 h6 16. Be3 Bxe3 17. Rxe3 c5 18. Nd2 Bb7 19. Rb1 0-0 20. b3 axb3 21. axb3 Ra3 22. Ree1 Rfa8 23. Rb2 Qa6 24. f4 Bc6 25. Kf2 Bb5 26. c4 Bc6 27. cxd5 Bxd5 28. Qxc5 Rc8 29. Qb4 Qa7+ 30. Re3 Ra1 31. Nc4 Rb8 32. Qc3 Qa6 33. Ree2 Qa7+ 34. Qe3 Qa8 35. Nb6 Qc6 36. Nxd5 Qxd5 37. Red2 Qb5 38. Qd3 Qb6+ 39. Qd4 Qb5 40. Qc4 Qb6+ 41. Kg3 Qe3+ 42. Kg4 g6 43. g3 h5+ 44. Kg5 Kg7 45. Qe2 Qa7 46. f5 exf5 47. Rd6 Qe7+ 48. Kf4 Rb4+ 49. Kf3 Re4 50. Qd2 Qxe5 51. b4 Rae1 52. Rd3 Qe7 53. b5 Re6 54. b6 Qb7+ 55. Kf2 R1e4 56. Qc3+ Kh7 57. Qc7 Re7 58. Qxb7 Rxb7 59. Rdb3 Re6 60. Kf3 Kg7 61. h4 Kf8 62. Kf4 f6 63. Rb5 Ke7 64. R2b3 Kd7 65. R5b4 Rc6 66. Rd3+ Kc8 67. Rdb3 Re6 68. Rc4+ Kd7 69. Rd3+ Rd6 70. Rxd6+ Kxd6 71. Rb4 Kc5 72. Rb1 Rxb6 73. Rc1+ Kd6 74. Re1 Rb5 75. Re8 Rb4+ 76. Kf3 Rg4 77. Re1 Kd5 78. Rd1+ Rd4 79. Ra1 Rd3+ 80. Kf4 Rd4+ 81. Kf3 Ke5 82. Ra5+ Rd5 83. Ra8 Rd6 84. Rg8 Rd3+ 85. Kf2 f4 86. gxf4+ Kxf4 87. Rxg6 Kf5 88. Rg8 Rh3 89. Ra8 Rxh4 90. Kg3 Rg4+ 91. Kf3 Kg5 92. Rg8+ Kh4 93. Rf8 Rg6 94. Rh8 Kg5 95. Kg3 f5 96. Ra8 h4+ 97. Kh3 Rh6 98. Ra5 Rb6 99. Ra3 Re6 0-1

[Event "Bayern-ch Seniors 23rd"]
[Site "Bergen"]
[Date "2011.05.29"]
[Round "2"]
[White "Siegl, Wolfgang"]
[Black "Urytskyy, Arkadiy"]
[Result "0-1"]
[WhiteElo "1608"]
[BlackElo "2115"]
[PlyCount "62"]
[EventDate "2011.05.28"]
[EventType "swiss"]
[EventRounds "9"]
[EventCountry "GER"]
[SourceTitle "EXT 2012"]
[Source "ChessBase"]
[SourceDate "2011.11.24"]
[SourceVersion "1"]
[SourceVersionDate "2011.11.24"]
[SourceQuality "1"]

1. d4 Nf6 2. Nf3 c5 3. c3 b6 4. Bf4 d6 5. e3 g6 6. h3 Bg7 7. Nbd2 0-0 8. Bd3 Bb7 9. Qe2 Nbd7 10. e4 a6 11. e5 Nd5 12. Bg3 cxd4 13. e6 dxc3 14. exf7+ Kh8 15. Ne4 cxb2 16. Rb1 Nc5 17. Nxc5 bxc5 18. Rxb2 Nc3 19. Qc2 Bxf3 20. gxf3 Rxf7 21. 0-0 Qd7 22. Kg2 Raf8 23. f4 Nd5 24. f5 gxf5 25. Bc4 e6 26. Rb3 f4 27. Bh4 Nb4 28. Qb1 d5 29. Rxb4 cxb4 30. Bxa6 f3+ 31. Kh2 Qd6+ 0-1

[Event "Bayern-ch Seniors 22nd"]
[Site "Bergen"]
[Date "2010.06.19"]
[Round "8"]
[White "Siegl, Wolfgang"]
[Black "Baumann, Walter"]
[Result "1/2-1/2"]
[WhiteElo "1618"]
[BlackElo "1667"]
[PlyCount "128"]
[EventDate "2010.06.12"]
[EventType "swiss"]
[EventRounds "9"]
[EventCountry "GER"]
[SourceTitle "EXT 2011"]
[Source "ChessBase"]
[SourceDate "2010.11.26"]
[SourceVersion "1"]
[SourceVersionDate "2010.11.26"]
[SourceQuality "1"]

1. d4 Nf6 2. c4 g6 3. Nc3 Bg7 4. e4 d6 5. Be2 0-0 6. Nf3 Nbd7 7. 0-0 e5 8. Be3 Qe7 9. Qc2 b6 10. d5 Bb7 11. b4 c6 12. dxc6 Bxc6 13. Rfd1 Rac8 14. Bg5 h6 15. Bc1 Rfd8 16. a4 a5 17. Ba3 axb4 18. Bxb4 Nc5 19. Nd2 Qb7 20. f3 Ne6 21. Nb3 Nd4 22. Nxd4 exd4 23. Nb5 Bxb5 24. axb5 Nd7 25. Bd3 Nc5 26. Ra2 Ra8 27. Rda1 Rxa2 28. Rxa2 Ra8 29. Bf1 Ra7 30. Ra3 Qa8 31. Qa2 Rxa3 32. Qxa3 Qxa3 33. Bxa3 Kf8 34. Kf2 Ke7 35. Ke1 Ke6 36. g3 Ke5 37. Kd1 h5 38. Bc1 f5 39. Bf4+ Ke6 40. Bh3 Nd3 41. Ke2 Nxf4+ 42. gxf4 Bh6 43. exf5+ gxf5 44. Bf1 Bxf4 45. h3 Ke5 46. Kd3 Be3 47. Kc2 Kf4 48. Bd3 Kg5 49. Kd1 f4 50. Bf1 Kf6 51. Bd3 Kg5 52. Ke1 Kh4 53. Bf5 Kg3 54. Ke2 h4 55. Be6 d3+ 56. Kxd3 Kxf3 57. Bg4+ Kg3 58. Ke2 Bc5 59. Be6 f3+ 60. Kf1 Be3 61. Bd7 Kf4 62. Be6 Bd4 63. Bd7 Be3 64. Bg4 Bc5 1/2-1/2

[Event "Bayern-ch Seniors 20th"]
[Site "Bergen"]
[Date "2008.06.14"]
[Round "8.26"]
[White "Baumann, Walter"]
[Black "Siegl, Wolfgang"]
[Result "1-0"]
[WhiteElo "1679"]
[BlackElo "1644"]
[PlyCount "69"]
[EventDate "2008.06.07"]
[EventType "swiss"]
[EventRounds "9"]
[EventCountry "GER"]
[SourceTitle "EXT 2022"]
[Source "ChessBase"]
[SourceDate "2021.10.06"]
[SourceVersion "1"]
[SourceVersionDate "2021.10.06"]
[SourceQuality "1"]

1. d4 Nf6 2. c4 g6 3. Nc3 Bg7 4. e4 d6 5. Be2 0-0 6. Nf3 e5 7. 0-0 Nbd7 8. h3 c6 9. Be3 Re8 10. d5 a6 11. dxc6 bxc6 12. Qxd6 Re6 13. Qd2 Bf8 14. Rfd1 Bb4 15. Qd3 Qa5 16. Rdc1 Nc5 17. Bxc5 Bxc3 18. Qxc3 Qxc5 19. b4 Qe7 20. c5 Qc7 21. Nd2 a5 22. b5 cxb5 23. Bxb5 Ba6 24. a4 Nd7 25. Nb3 Bb7 26. f3 Nb8 27. Ra2 Nc6 28. Rd2 Ree8 29. Rcd1 Red8 30. Rd6 Rac8 31. Kh2 f6 32. Qc4+ Kg7 33. Qe6 Qe7 34. Qxe7+ Nxe7 35. Rxd8 1-0

[Event "Bayern-ch Seniors 20th"]
[Site "Bergen"]
[Date "2008.06.12"]
[Round "6.29"]
[White "Siegl, Wolfgang"]
[Black "Peiberg, Ehrhard"]
[Result "1-0"]
[WhiteElo "1644"]
[BlackElo "1662"]
[PlyCount "49"]
[EventDate "2008.06.07"]
[EventType "swiss"]
[EventRounds "9"]
[EventCountry "GER"]
[SourceTitle "EXT 2022"]
[Source "ChessBase"]
[SourceDate "2021.10.06"]
[SourceVersion "1"]
[SourceVersionDate "2021.10.06"]
[SourceQuality "1"]

1. d4 Nf6 2. Nf3 e6 3. g3 d5 4. Bg2 Be7 5. c4 c6 6. Qc2 Nbd7 7. 0-0 0-0 8. Bf4 dxc4 9. Qxc4 Nd5 10. Bd2 N7f6 11. Nc3 Bd7 12. Rfe1 Nxc3 13. bxc3 Ne4 14. Bf4 Bg5 15. Nxg5 Nxg5 16. Qb4 b5 17. h4 e5 18. Bxg5 f6 19. Be3 Re8 20. dxe5 fxe5 21. Rad1 a5 22. Qb3+ Be6 23. Rxd8 Bxb3 24. Rxe8+ Rxe8 25. axb3 1-0

[Event "Bayern-ch Seniors 20th"]
[Site "Bergen"]
[Date "2008.06.11"]
[Round "5.33"]
[White "Blosze, Winfried"]
[Black "Siegl, Wolfgang"]
[Result "1/2-1/2"]
[WhiteElo "1642"]
[BlackElo "1644"]
[PlyCount "101"]
[EventDate "2008.06.07"]
[EventType "swiss"]
[EventRounds "9"]
[EventCountry "GER"]
[SourceTitle "EXT 2022"]
[Source "ChessBase"]
[SourceDate "2021.10.06"]
[SourceVersion "1"]
[SourceVersionDate "2021.10.06"]
[SourceQuality "1"]

1. e4 e6 2. d4 d5 3. exd5 exd5 4. Bd3 Bd6 5. Ne2 Nf6 6. Bg5 h6 7. Bh4 0-0 8. Nd2 Nc6 9. c3 Re8 10. Qb3 Be7 11. 0-0-0 a5 12. Nf3 a4 13. Qc2 a3 14. b3 Ne4 15. Bxe4 Bxh4 16. Nxh4 Rxe4 17. g3 Qe7 18. Rhe1 g5 19. Ng2 Bg4 20. Ne3 Qe6 21. Rd2 Bh5 22. h4 Re8 23. hxg5 Bg6 24. Qd1 hxg5 25. g4 b5 26. b4 Na7 27. Qb3 c6 28. Qxa3 Nc8 29. Rg1 Nd6 30. Ng3 Rxe3 31. fxe3 Qxe3 32. Rgd1 Nc4 33. Nf1 Qe4 34. Qb3 Nxd2 35. Nxd2 Qxg4 36. a4 Ra8 37. a5 Qf5 38. Rf1 Qh3 39. Re1 Qg3 40. Rf1 Kg7 41. Kb2 Qg2 42. Qd1 Re8 43. Rg1 Qf2 44. Rf1 Qh2 45. Re1 Bh5 46. Rh1 Bxd1 47. Rxh2 f5 48. Kc1 Ba4 49. Rg2 Kg6 50. Nf3 g4 51. Kd2 1/2-1/2

[Event "Bad Woerishofen Seniors op 24th"]
[Site "Bad Woerishofen"]
[Date "2008.03.01"]
[Round "3"]
[White "Kuhnert, Werner Eberhard"]
[Black "Siegl, Wolfgang"]
[Result "0-1"]
[WhiteElo "1280"]
[BlackElo "1636"]
[PlyCount "70"]
[EventDate "2008.02.28"]
[EventType "swiss"]
[EventRounds "9"]
[EventCountry "GER"]
[SourceTitle "EXT 2022"]
[Source "ChessBase"]
[SourceDate "2021.10.06"]
[SourceVersion "1"]
[SourceVersionDate "2021.10.06"]
[SourceQuality "1"]

1. d4 Nf6 2. c4 d6 3. Nc3 g6 4. e3 Bg7 5. Be2 0-0 6. Nf3 Nbd7 7. 0-0 e5 8. Qc2 Re8 9. Bd3 b6 10. Ne4 Bb7 11. Bd2 Nxe4 12. Bxe4 Bxe4 13. Qxe4 exd4 14. Qc2 dxe3 15. Bxe3 Ne5 16. Nxe5 Bxe5 17. Rad1 Qf6 18. b3 Bf4 19. Rfe1 Bxe3 20. fxe3 Re6 21. Kh1 Rae8 22. e4 Re5 23. Re2 Qf4 24. Rde1 Qg4 25. Qd3 Qe6 26. Qf3 Qe7 27. h3 f5 28. Qf4 fxe4 29. g3 Kg7 30. Qd2 e3 31. Qd4 Kg8 32. Rxe3 Rxe3 33. Qd5+ Kg7 34. Qd4+ Re5 35. Kh2 Qf6 0-1

[Event "Bad Woerishofen Seniors op 24th"]
[Site "Bad Woerishofen"]
[Date "2008.02.29"]
[Round "2"]
[White "Siegl, Wolfgang"]
[Black "Bierwisch, Bernhard"]
[Result "0-1"]
[WhiteElo "1636"]
[BlackElo "2027"]
[PlyCount "96"]
[EventDate "2008.02.28"]
[EventType "swiss"]
[EventRounds "9"]
[EventCountry "GER"]
[SourceTitle "EXT 2022"]
[Source "ChessBase"]
[SourceDate "2021.10.06"]
[SourceVersion "1"]
[SourceVersionDate "2021.10.06"]
[SourceQuality "1"]

1. d4 Nf6 2. c4 d6 3. Nf3 g6 4. g3 Bg7 5. Bg2 0-0 6. 0-0 c6 7. Nc3 Qc7 8. h3 e5 9. e4 Re8 10. Be3 Nbd7 11. Qd2 b6 12. Rac1 Bb7 13. d5 c5 14. Ne1 Rad8 15. Nd3 a6 16. Bg5 Rb8 17. Be3 Bc8 18. Rce1 b5 19. b3 bxc4 20. bxc4 Qa5 21. Rb1 Nb6 22. Nb2 Bd7 23. Qc2 Nc8 24. Bd2 Qc7 25. Nba4 Ne7 26. Rxb8 Rxb8 27. Rb1 Rb4 28. Nb2 h6 29. Bf1 Nh5 30. Ne2 Rb8 31. Nd3 f5 32. f3 fxe4 33. fxe4 Nf6 34. Nf2 Kh7 35. Rb2 Ba4 36. Qb1 Rxb2 37. Qxb2 Bd7 38. Nc3 h5 39. Kg2 Bh6 40. Bxh6 Kxh6 41. Be2 Kg7 42. Bd1 Qa5 43. Nd3 g5 44. Nc1 Ng6 45. Nb3 Qb4 46. Be2 h4 47. a3 Qb6 48. Bh5 Nxh5 0-1

[Event "Chiemgau Seniors Cup 3th"]
[Site "Bergen"]
[Date "2007.10.24"]
[Round "3"]
[White "Siegl, Wolfgang"]
[Black "Fels, Karl Heinz"]
[Result "0-1"]
[WhiteElo "1587"]
[BlackElo "1726"]
[PlyCount "98"]
[EventDate "2007.10.22"]
[EventType "swiss"]
[EventRounds "9"]
[EventCountry "GER"]
[SourceTitle "EXT 2008"]
[Source "ChessBase"]
[SourceDate "2007.11.25"]
[SourceVersion "1"]
[SourceVersionDate "2007.11.25"]
[SourceQuality "1"]

1. d4 Nf6 2. c4 e6 3. Nf3 b6 4. a3 d5 5. Nc3 Be7 6. Bg5 0-0 7. Bxf6 Bxf6 8. cxd5 exd5 9. h3 Bb7 10. e3 c5 11. Rc1 c4 12. Be2 a6 13. 0-0 b5 14. b4 Nd7 15. Nd2 Re8 16. Bf3 Nb6 17. Qc2 Qd6 18. Rfe1 g6 19. Nf1 Bg7 20. Ng3 f5 21. Nge2 Bc6 22. Nf4 a5 23. Qb2 axb4 24. axb4 Na4 25. Qb1 Nxc3 26. Rxc3 Ra4 27. Re2 Rxb4 28. Qd1 Ra8 29. g4 Rba4 30. gxf5 gxf5 31. Rc1 b4 32. Qf1 Kh8 33. Qg2 Bh6 34. Qh2 Rg8+ 35. Kf1 Bxf4 36. exf4 c3 37. Rce1 Bb5 38. h4 b3 39. Qh3 Bxe2+ 40. Bxe2 Qg6 41. Qh1 Rxd4 42. h5 Qc6 43. Qh3 Rxf4 44. Qe3 Re4 45. Qf3 f4 46. Qd3 Rge8 47. Qd1 c2 48. Qc1 Qc3 49. h6 Qh3+ 0-1

[Event "Chiemgau Seniors Cup 1st"]
[Site "Bergen"]
[Date "2005.10.17"]
[Round "7"]
[White "Sandner, Josef"]
[Black "Siegl, Wolfgang"]
[Result "1/2-1/2"]
[WhiteElo "1501"]
[BlackElo "1539"]
[PlyCount "83"]
[EventDate "2005.10.11"]
[EventType "swiss"]
[EventRounds "9"]
[EventCountry "GER"]
[SourceTitle "EXT 2007"]
[Source "ChessBase"]
[SourceDate "2006.11.23"]
[SourceVersion "1"]
[SourceVersionDate "2006.11.23"]
[SourceQuality "1"]

1. e4 d5 2. exd5 Qxd5 3. Nc3 Qa5 4. d4 c6 5. Nf3 Bf5 6. Bc4 e6 7. 0-0 Nf6 8. a3 Be7 9. h3 0-0 10. g4 Bg6 11. Ne5 Nbd7 12. Nxg6 hxg6 13. Qf3 Nd5 14. Nxd5 exd5 15. Bd3 Bd6 16. Bf4 Qc7 17. Bxd6 Qxd6 18. Rfe1 Rfe8 19. Re3 Re7 20. Rae1 Rae8 21. Rxe7 Rxe7 22. Rxe7 Qxe7 23. Qe3 Qxe3 24. fxe3 Nf6 25. Kf2 Kf8 26. Kf3 Ke7 27. a4 Ne8 28. b3 Nd6 29. Kf4 Kf6 30. c4 dxc4 31. bxc4 g5+ 32. Kf3 Ke7 33. e4 f6 34. d5 c5 35. Ke3 Kd7 36. Kd2 Kc7 37. a5 b6 38. axb6+ Kxb6 39. Kc3 Ka5 40. Kb3 Nf7 41. Be2 Ne5 42. Ka3 1/2-1/2

[Event "Schwarzwald Seniors op 12th"]
[Site "Steinach"]
[Date "2004.04.03"]
[Round "5"]
[White "Jetter, Erwin"]
[Black "Siegl, Wolfgang"]
[Result "0-1"]
[WhiteElo "1703"]
[BlackElo "1582"]
[PlyCount "111"]
[EventDate "2004.03.29"]
[EventType "swiss"]
[EventRounds "9"]
[EventCountry "GER"]
[SourceTitle "EXT 2006"]
[Source "ChessBase"]
[SourceDate "2005.11.24"]
[SourceVersion "1"]
[SourceVersionDate "2005.11.24"]
[SourceQuality "1"]

1. e4 c5 2. Nf3 a6 3. a4 Nc6 4. d4 cxd4 5. Nxd4 Nf6 6. Nxc6 bxc6 7. Bd3 e6 8. 0-0 d6 9. c4 Be7 10. a5 0-0 11. Nc3 Rb8 12. Qe2 e5 13. h3 Re8 14. Bc2 Qc7 15. b3 Bb7 16. Bd2 d5 17. Na4 dxe4 18. Bxe4 Nxe4 19. Qxe4 c5 20. Qe2 Qc6 21. f3 Qg6 22. Be3 e4 23. f4 Bc8 24. Bxc5 Bxh3 25. Bxe7 Rxe7 26. Nc5 Bg4 27. Qe3 Rd8 28. b4 Rd6 29. Kf2 f5 30. Rfc1 Qf6 31. Rab1 Qh4+ 32. Kg1 Rh6 33. Rb3 Qh2+ 34. Kf2 Rh3 35. Qxh3 Bxh3 36. Rxh3 Qxf4+ 37. Kg1 Qe5 38. Kh1 Qf6 39. b5 axb5 40. cxb5 Qe5 41. Nb3 Qxb5 42. Re1 f4 43. Kg1 Qb4 44. Kf1 f3 45. Re3 Qc4+ 46. Kg1 fxg2 47. Kxg2 Rf7 48. Nd2 Qb4 49. Re2 Qxa5 50. Nxe4 Qf5 51. Re1 Re7 52. Rhe3 Rf7 53. Ra1 h5 54. Rae1 h4 55. Rh1 Qg4+ 56. Kh2 0-1